000
00299nam a2200109Ia 4500
008
200302s9999 xx 000 0 und d
100
_a
Karin Schlte
245
_a
Messedesign Jahrbuch 2003/2004 Trade Fair Design Annual 2003/2004
260
_b
Avedition Publisher
260
_c
2003
300
_a
278 P.,
999
_c
3925
_d
3925